000 00374 a2200157 4500
001 74432
020 _a9788501090034
040 _cAnchieta - Colégio São Paulo
100 _aVogel, Vinicius
240 1 0 _aO estranho sumiço do morcego
_lpor
245 1 0 _aO estranho sumiço do morcego
300 _a71
362 0 _a2010
650 4 _aLiteratura infantil
942 _cBK
999 _c74432
_d74432